000
00281nam a2200109Ia 4500
008
200302s9999 xx 000 0 und d
100
_a
Yi-Fu Tuan
245
_a
Space and Place The Perspective Experience
260
_b
Edward Arnold Publishers Ltd.
260
_c
1977
300
_a
233 P.,
999
_c
170
_d
170